| 000 | 00858cam a22002657a 4500 | ||
|---|---|---|---|
| 005 | 20220329141224.0 | ||
| 008 | 971010s1977 r 00010 d | ||
| 010 | _a64633 | ||
| 011 | _a65605 | ||
| 035 | _a72686 | ||
| 082 |
_a627.5 _bT53 |
||
| 100 | 0 | 0 |
_aThames, John L. _9112604 |
| 245 | 0 | _aReclamation and use of disturbed land in the southwest | |
| 260 |
_aTucson, Arizona : _bUniversity of Arizona, _c1977 |
||
| 300 | _a362 p. | ||
| 590 |
_aBATCH-UPD _b10 _c20130110 _lUCH01 _h1432 |
||
| 590 |
_aBATCH-UPD _b10 _c20130410 _lUCH01 _h0908 |
||
| 590 |
_aBATCH-UPD _b10 _c20130914 _lUCH01 _h1316 |
||
| 590 |
_aCONVERSION _b10 _c20130109 _lUCH01 _h1335 |
||
| 650 | 1 | 4 |
_aErosión. _937335 |
| 650 | 1 | 4 |
_aSuelos _xConservación. _9110283 |
| 650 | 1 | 4 |
_aTierras _xRecuperación de. _9113120 |
| 901 | _aBK | ||
| 949 |
_a627.5 T53 _bZA _cLIBRO _d-5405 _eLIBRO _h4865 _i72686 _si |
||
| 999 |
_c64633 _d64633 |
||